[Event "JPN-ch"]
[Site "Tokyo"]
[Date "2018.05.04"]
[Round "9"]
[White "Manabe, Hiroshi"]
[Black "Kojima, Shinya"]
[Result "0-1"]
[WhiteElo "2071"]
[BlackElo "2400"]
[PlyCount "70"]
[EventDate "2018.04.29"]
[EventType "swiss"]
[EventRounds "11"]
[EventCountry "JPN"]
[SourceTitle "CBM 184 Extra"]
[Source "ChessBase"]
[SourceDate "2018.06.28"]
[SourceVersion "1"]
[SourceVersionDate "2018.06.28"]
[SourceQuality "1"]

1. d4 d5 2. c4 c6 3. Nf3 Nf6 4. Nc3 a6 5. c5 g6 6. Bf4 Bg7 7. e3 0-0 8. Bd3 Bg4 9. h3 Bxf3 10. Qxf3 Nbd7 11. 0-0 Re8 12. Ne2 e5 13. Bxe5 Rxe5 14. dxe5 Nxe5 15. Qf4 Nxd3 16. Qd4 Nxf2 17. Rxf2 Ne4 18. Qb4 Nxf2 19. Kxf2 Qf6+ 20. Kg1 Qxb2 21. Qxb2 Bxb2 22. Rb1 Ba3 23. Rxb7 Bxc5 24. Nd4 Re8 25. Nxc6 Rxe3 26. Kf1 Re6 27. Rc7 Kg7 28. Nd8 Rf6+ 29. Ke2 Bb6 30. Rd7 h5 31. g4 hxg4 32. hxg4 Bxd8 33. Rxd8 Rf4 34. Rxd5 Rxg4 35. Ra5 Re4+ 0-1